000 00796nam a2200229 a 4500
001 C01527225c-2
003 CO-ViMGA
005 20230915234538.0
008 160406s2016 ck a gr 000 fdspa d
020 _a9584250434
020 _a9789584250438
040 _aCO-ViMGA
_bspa
_cCO-ViMGA
082 0 4 _aA863.6
_bJ45s3
100 1 _aJiménez, Paco.
_99582
245 1 0 _aSoy Luna :
_bel principio del verano, conócela antes que nadie /
_ctextos de Paco Jiménez ; investigación Adriana Quijada.
260 _aBogotá :
_bEditorial Planeta Colombiana,
_c2016.
300 _a158 páginas :
_bilustraciones ;
_c20 cm.
650 1 4 _aAventuras
_v Novela juvenil.
_99584
650 1 4 _aNovela juvenil
_y Siglo XXI.
_99583
700 1 _aQuijada, Adriana,
_einvestigadora.
_99585
942 _2ddc
_cBK
999 _c37975
_d37975